Sudden Death -- miasta w lubelskim - Statystyki

Ogólne statystyki
  • Ten quiz został rozwiązany 44 razy
  • Średni wynik to 8 z 16
Answers on the Grid
Answers color-coded by a green-red scale on the quiz's grid according to % correct below.
Bełżyce
Biała Podlaska
Biłgoraj
Bychawa
Chełm
Frampol
Hrubieszów
Jarosław
Kazimierz Dolny
Kazimierza Wielka
Kock
Kolbuszowa
Krasnobród
Kunów
Lubawa
Lublin
Lubniewice
Łuków
Lwów
Opatów
Połaniec
Przeworsk
Puławy
Sandomierz
Siedlce
Staszów
Szczebrzeszyn
Terespol
Węgrów
Zakrzówek
 
Statystyki odpowiedzi
Odpowiedź % Poprawnych
Chełm
90%
Biała Podlaska
79%
Biłgoraj
66%
Lublin
66%
Hrubieszów
62%
Bełżyce
55%
Kazimierz Dolny
55%
Bychawa
52%
Puławy
52%
Szczebrzeszyn
48%
Frampol
45%
Łuków
45%
Terespol
41%
Krasnobród
38%
Kock
31%
Zakrzówek
14%
Nie znaleziono quizów pasujących do podanych kryteriów
Rozkład punktacji
Procent ludzi z każdym wynikiem
Percentyl według liczby udzielonych odpowiedzi
Twoja historia wyników
Nie rozwiązałeś tego quizu